[Event "Masdenverge op 6th"]
[Site "Masdenverge"]
[Date "2017.07.02"]
[Round "6"]
[White "Rius Guarch, Daniel"]
[Black "Molano Lafuente, Ismael"]
[Result "0-1"]
[WhiteElo "1878"]
[BlackElo "2005"]
[PlyCount "60"]
[EventDate "2017.06.30"]
[EventType "swiss"]
[EventRounds "7"]
[EventCountry "ESP"]
[SourceTitle "EXT 2019"]
[Source "ChessBase"]
[SourceDate "2018.10.10"]
[SourceVersion "1"]
[SourceVersionDate "2018.10.10"]
[SourceQuality "1"]

1. d4 d5 2. c4 e6 3. Nf3 f5 4. g3 Nf6 5. Bg2 Be7 6. Nc3 c6 7. cxd5 exd5 8. a3 0-0 9. b4 Ne4 10. Qc2 a6 11. 0-0 Qe8 12. Ne5 Nd7 13. Nxe4 fxe4 14. Nxc6 bxc6 15. Qxc6 Ra7 16. Qxd5+ Kh8 17. Qxe4 Nf6 18. Qd3 Qh5 19. f3 Bd7 20. Qd2 Bb5 21. Re1 Rc7 22. e4 Rfc8 23. Qg5 Qf7 24. Qf4 Qe6 25. Be3 Rc2 26. d5 Qd7 27. Rec1 Bd6 28. Qh4 Rxc1+ 29. Bxc1 Qa7+ 30. Kh1 Qd4 0-1

[Event "Amposta Balague Memorial 3rd"]
[Site "Amposta"]
[Date "2016.08.07"]
[Round "9"]
[White "Rius Guarch, Daniel"]
[Black "Iagar, Razvan Gabriel"]
[Result "0-1"]
[WhiteElo "1926"]
[BlackElo "2148"]
[PlyCount "86"]
[EventDate "2016.08.01"]
[EventType "swiss"]
[EventRounds "9"]
[EventCountry "ESP"]
[SourceTitle "CBM 173 Extra"]
[Source "ChessBase"]
[SourceDate "2016.08.29"]
[SourceVersion "1"]
[SourceVersionDate "2016.08.29"]
[SourceQuality "1"]

1. d4 d5 2. Nf3 Nf6 3. c4 e6 4. Nc3 c6 5. g3 Nbd7 6. Bg2 Be7 7. 0-0 0-0 8. Qc2 b6 9. Rd1 Bb7 10. a4 Qc8 11. b3 Rd8 12. Ba3 Bxa3 13. Rxa3 c5 14. e3 dxc4 15. bxc4 cxd4 16. exd4 Qxc4 17. Qb2 Nd5 18. Nb5 Qb4 19. Rb3 Qe7 20. Nd2 N7f6 21. a5 a6 22. Nc3 Nxc3 23. Qxc3 Rac8 24. Qb2 Bxg2 25. Kxg2 b5 26. Rc3 Nd5 27. Rxc8 Rxc8 28. Rc1 Rxc1 29. Qxc1 Qc7 30. Qb2 Qxa5 31. Nb3 Qc3 32. Qa2 h6 33. Nc5 Qxd4 34. Nxa6 Nb4 35. Nxb4 Qxb4 36. Qa8+ Kh7 37. Qe8 Kg6 38. h4 Qe4+ 39. Kf1 Qb7 40. g4 b4 41. Qd8 Qh1+ 42. Ke2 Qe4+ 43. Kd2 Qd5+ 0-1

[Event "Tarragona Province-ch"]
[Site "Tarragona"]
[Date "2015.11.22"]
[Round "8"]
[White "Rius Guarch, Daniel"]
[Black "Capdevila Vallve, Jordi"]
[Result "1-0"]
[WhiteElo "2060"]
[BlackElo "1991"]
[PlyCount "74"]
[EventDate "2015.09.27"]
[EventType "swiss"]
[EventRounds "9"]
[EventCountry "ESP"]
[SourceTitle "EXT 2017"]
[Source "ChessBase"]
[SourceDate "2016.10.25"]
[SourceVersion "1"]
[SourceVersionDate "2016.10.25"]
[SourceQuality "1"]

1. d4 d5 2. c4 e6 3. Nf3 Nf6 4. g3 Be7 5. Bg2 0-0 6. 0-0 b6 7. b3 Bb7 8. Bb2 Nbd7 9. Nc3 Rc8 10. Nd2 c6 11. Qc2 Qc7 12. Rad1 dxc4 13. bxc4 b5 14. e4 bxc4 15. Nxc4 Ba6 16. Ne2 Rb8 17. Bc1 Rb4 18. Ne3 Rb7 19. Rfe1 Bb4 20. Bd2 Bxd2 21. Rxd2 Rfb8 22. Nc3 Qa5 23. Qc1 h6 24. Red1 Rb4 25. d5 cxd5 26. exd5 exd5 27. Nexd5 Rc4 28. Ne7+ Kh8 29. Nc6 Rxc6 30. Bxc6 Rc8 31. Rd6 Bb7 32. Rxf6 Nxf6 33. Bxb7 Rxc3 34. Rd8+ Ng8 35. Qd1 Qc7 36. Qd7 Qxd7 37. Rxd7 Nf6 1-0